black country, new road - the place where he inserted the blade lyrics - Statistics

General Stats
  • This quiz has been taken 24 times
  • The average score is 271 of 340
Answer Stats
Answer % Correct
a
100%
and
100%
blade
100%
he
100%
i
100%
if
100%
i'm
100%
in
100%
inserted
100%
it
100%
me
100%
my
100%
place
100%
show
100%
the
100%
to
100%
where
100%
all
89%
as
89%
but
89%
come
89%
for
89%
good
89%
know
89%
lord,
89%
morning
89%
never
89%
of
89%
oh,
89%
praise
89%
so
89%
that
89%
too
89%
up
89%
we
89%
well,
89%
you
89%
your
89%
at
78%
concorde,
78%
dreams
78%
freak
78%
get
78%
happened
78%
head
78%
hold
78%
home
78%
home?
78%
home,
78%
house
78%
locals
78%
long
78%
lost,
78%
made
78%
make
78%
needed
78%
nice
78%
not
78%
out
78%
scared
78%
then
78%
tight
78%
time
78%
tired
78%
try
78%
with
78%
world
78%
you're
78%
anyone
67%
broccoli,
67%
burn
67%
chicken,
67%
darling,
67%
dreaming
67%
else,
67%
end
67%
evening
67%
every
67%
i'll
67%
is
67%
just
67%
lunch
67%
our
67%
play
67%
stroke
67%
tried
67%
2,
56%
am
56%
better
56%
bones
56%
bound
56%
break
56%
breathe
56%
can
56%
clean
56%
few
56%
heal
56%
it's
56%
myself,
56%
really
56%
see
56%
sleeping
56%
slow
56%
spoil
56%
tell
56%
they
56%
tie
56%
yours,
56%
bad
44%
between
44%
body
44%
cast
44%
everything
44%
friends
44%
guide
44%
hunter's
44%
keep
44%
light?
44%
months,
44%
night
44%
or
44%
playground
44%
rest
44%
school
44%
sign
44%
soup-maker
44%
stronger,
44%
stuff
44%
takes
44%
us,
44%
vine
44%
we're
44%
will
44%
years,
44%
cadence
33%
chest
33%
exist
33%
fifth
33%
leaving
33%
other
33%
string
33%
thanks,
33%
this
33%
want
33%
wind
33%
chain
22%
that's
22%
tug
22%
No matching quizzes found
Score Distribution
Percent of People with Each Score
Percentile by Number Answered
Your Score History
You have not taken this quiz